000 00350nam a22001577a 4500
003 SGT
020 _a978-81-7473-442-6
082 _a611
_bKUM
100 _aKUMAR, N.
245 _aBASIC ANATOMY AND PHYSIOLOGY
250 _a2ND
260 _aINDIA
_bAITBS PUB.
_c2025
300 _a314
650 _aANATOMY AND PHYSIOLOGY
942 _2ddc
_cBK
999 _c32906
_d32906